01242nam a2200313 a 4500001001200000003000800012006001900020007001500039008004100054010001700095020002600112020002700138040002100165035002100186050002700207082001600234100002000250245013400270260004800404300002300452504005100475533015200526650003700678650002400715655002900739700001700768710001700785856012600802ebr10618648CaPaEBRm o u cr cn|||||||||120913s2013 si a sb 001 0 eng d z 2012027876 z9781118188484 (cloth) z9781118188507 (e-book) aCaPaEBRcCaPaEBR a(OCoLC)81032936414aTK5103.35b.W36 2013eb04a621.3822231 aWang, Jianqing.10aBody area communicationsh[electronic resource] :bchannel modeling, communication systems, and EMC /cJianqing Wang, Qiong Wang. aSingapore :bJohn Wiley & Sons Inc.,c2013. axi, 274 p. :bill. aIncludes bibliographical references and index. aElectronic reproduction.bPalo Alto, Calif. :cebrary,d2015.nAvailable via World Wide Web.nAccess may be limited to ebrary affiliated libraries. 0aBody area networks (Electronics) 0aMedical telematics. 7aElectronic books.2local1 aWang, Qiong.2 aebrary, Inc.40uhttp://site.ebrary.com/lib/rucke/Doc?id=10618648zAn electronic book accessible through the World Wide Web; click to view